Städte in Deutschland - Statistiken

Allgemein
  • Dieses Quiz wurde 83 mal gespielt
  • Das Durchschnittsergebnis liegt bei 5 aus 8
Antwortstatistiken
Frage Antwort % Korrekt
Wo liegt Eberbach? Baden-Württemberg
100%
Wo liegt Kaub? Rheinland-Pfalz
100%
Wo liegt Plauen? Sachsen
100%
Wo liegt Auerbach? Sachsen
50%
Wo liegt Arnis Schleswig-Holstein
50%
Wo liegt Neumark? Thüringen
50%
Wo liegt Hettingen-Beuren? Baden-Württemberg
0%
Wo liegt Schwarzenborn? Hessen
0%
Keine übereinstimmenden Quizze gefunden
Verteilung der Resultate
Anzahl Personen mit jedem Resultat
Perzentil nach korrekt beantworteten Fragen
Ihre Resultats-Entwicklung
Sie haben dieses Quiz noch nicht gespielt